[Event "LSS SD-2008-0-00002"]
[Site "LSS email"]
[Date "2008.02.06"]
[Round "?"]
[White "Lopez Lopez, Moises Antonio"]
[Black "Schalkwijk, Peter H"]
[Result "0-1"]
[WhiteElo "1428"]
[BlackElo "1462"]
[PlyCount "38"]
[EventDate "2008.02.01"]
[EventType "tourn (corr)"]
[EventRounds "6"]
[EventCountry "GER"]
[SourceTitle "Corr 2011"]
[Source "ChessBase"]
[SourceDate "2010.08.31"]
[SourceVersion "1"]
[SourceVersionDate "2010.08.31"]
[SourceQuality "1"]

1. d4 Nf6 2. c4 c5 3. d5 e6 4. Nc3 exd5 5. cxd5 d6 6. e4 g6 7. f4 Bg7 8. Bb5+ Nfd7 9. Nf3 0-0 10. 0-0 a6 11. Ba4 b5 12. Bc2 Re8 13. f5 b4 14. Ne2 Qb6 15. Kh1 a5 16. a3 gxf5 17. exf5 Ba6 18. Nf4 Bxf1 19. Qxf1 b3 0-1

[Event "IECG QD.2007.0.00104"]
[Site "IECG email"]
[Date "2007.12.09"]
[Round "?"]
[White "Lopez Lopez, Moises Antonio"]
[Black "Schoenbach, Patrick"]
[Result "0-1"]
[WhiteElo "1428"]
[BlackElo "1334"]
[PlyCount "52"]
[EventDate "2007.12.09"]
[EventType "tourn (corr)"]
[EventRounds "6"]
[SourceTitle "Corr 2024"]
[Source "ChessBase"]
[SourceDate "2023.10.19"]
[SourceVersion "1"]
[SourceVersionDate "2023.10.19"]
[SourceQuality "1"]

1. d4 Nf6 2. c4 g6 3. Nc3 d5 4. Nf3 Bg7 5. cxd5 Nxd5 6. e4 Nxc3 7. bxc3 c5 8. Be3 Qa5 9. Qc2 cxd4 10. Nxd4 Nc6 11. Bb5 0-0 12. Bxc6 bxc6 13. 0-0 Ba6 14. Rfc1 Rac8 15. f4 Rfd8 16. e5 Bc4 17. a4 c5 18. Nb3 Qb6 19. Nd2 Bd3 20. Qa2 Qc6 21. Nf3 a5 22. Ng5 c4 23. Rd1 Rb8 24. Qf2 f6 25. Kh1 fxg5 26. fxg5 Bxe5 0-1

[Event "LSS OP-2007-0-00410"]
[Site "LSS email"]
[Date "2007.11.19"]
[Round "?"]
[White "Molina, Vicente Andres"]
[Black "Lopez Lopez, Moises Antonio"]
[Result "0-1"]
[WhiteElo "814"]
[BlackElo "1203"]
[PlyCount "26"]
[EventDate "2007.11.18"]
[EventType "tourn (corr)"]
[EventRounds "4"]
[EventCountry "GER"]
[SourceTitle "Corr 2015"]
[Source "ChessBase"]
[SourceDate "2015.07.17"]
[SourceVersion "1"]
[SourceVersionDate "2015.07.17"]
[SourceQuality "1"]

1. d4 d5 2. c4 dxc4 3. Nc3 c6 4. e4 Nf6 5. Bxc4 e6 6. Nf3 Bb4 7. 0-0 Bxc3 8. bxc3 0-0 9. h3 b5 10. Bd3 Nbd7 11. Be3 Re8 12. Re1 Bb7 13. Nd2 Nf8 0-1

[Event "IECG CD.2007.0.00118 email"]
[Site "IECG email"]
[Date "2007.03.25"]
[Round "?"]
[White "Rossetti, Mario"]
[Black "Lopez Lopez, Moises Antonio"]
[Result "1-0"]
[WhiteElo "1540"]
[BlackElo "1428"]
[PlyCount "23"]
[EventDate "2007.03.25"]
[EventType "tourn (corr)"]
[EventRounds "5"]
[SourceTitle "Corr 2024"]
[Source "ChessBase"]
[SourceDate "2023.10.19"]
[SourceVersion "1"]
[SourceVersionDate "2023.10.19"]
[SourceQuality "1"]

1. d4 d5 2. c4 c6 3. e3 Nf6 4. Nc3 e6 5. Nf3 Nbd7 6. c5 b6 7. b4 bxc5 8. bxc5 Be7 9. Rb1 0-0 10. Be2 Rb8 11. Rxb8 Nxb8 12. 0-0 1-0